| 000 | 00643nam a22001697a 4500 | ||
|---|---|---|---|
| 005 | 20251108175054.0 | ||
| 008 | 250721s2010 xx 000 0 ara d | ||
| 082 | 1 | 4 | _a370.15/عبد |
| 100 | 1 | _aعبد المعطي، عبدالله محمد | |
| 245 | 1 | 0 | _aأطفالنا كيف يسمعون كلامنا ؟ 50 طريقة عملية تشجع طفلك العنيد على طاعتك / |
| 264 | 1 |
_aالقاهرة : _bالأندلس الجديدة للنشر و التوزيع، _c2010. |
|
| 300 | _a207 ص. | ||
| 650 | 1 | 7 | _aالارشاد التربوي |
| 650 | 1 | 7 | _aعلم النفس التربوي |
| 942 |
_2ddc _cBK |
||
| 999 |
_c125449 _d125449 |
||